Narodnoje chozjajstvo socialističeskich stran v 1978 godu soobščenija statističeskich upravlenij

Uložené v:
Podrobná bibliografia
Médium: Kniha
Jazyk:Russian
Vydavateľské údaje: Moskva Finansy i statistika 1979
Tagy: Pridať tag
Žiadne tagy, Buďte prvý, kto otaguje tento záznam!

MARC

LEADER 00000nam a2200000 4500
001 c140486
005 20041019155319.0
041 0 |a rus 
044 |a RU 
245 1 0 |a Narodnoje chozjajstvo socialističeskich stran v 1978 godu  |b soobščenija statističeskich upravlenij 
264 1 |a Moskva  |b Finansy i statistika  |c 1979 
300 |a 141 s.